[Event "XXII Memorial Edoardo Crespi Internazionale"]
[Site "Milano ITA"]
[Date "2001.12.09"]
[Round "9"]
[White "Astengo, Marcello"]
[Black "Contedini, Ennio"]
[Result "1-0"]
[WhiteElo "2076"]
[BlackElo "2245"]
[PlyCount "63"]
[EventDate "2001.12.03"]

1.d4 Nf6 2.c4 d6 3.Nc3 e5 4.Nf3 Nc6 5.Bg5 h6 6.Bh4 g5 7.dxe5 gxh4 8.exf6 
Qxf6 9.e3 Bg4 10.Be2 O-O-O 11.Rb1 Ne7 12.Nd4 Bxe2 13.Qxe2 d5 14.O-O c5 15.
Ndb5 a6 16.Na3 d4 17.exd4 cxd4 18.Ne4 Qg6 19.c5 Nc6 20.Nc4 Kb8 21.Qf3 f5 
22.Ned6 Rg8 23.b4 Bxd6 24.Nxd6 Rg7 25.b5 axb5 26.Rxb5 Rxd6 27.cxd6 Qxd6 
28.Rfb1 f4 29.Rf5 Qg6 30.Rf8+ Kc7 31.Qxf4+ Kd7 32.Rxb7+ 1-0

[Event "XXII Memorial Edoardo Crespi Internazionale"]
[Site "Milano ITA"]
[Date "2001.12.09"]
[Round "9"]
[White "Battistella, Stefano"]
[Black "Podini, Francesco"]
[Result "0-1"]
[WhiteElo "2024"]
[BlackElo "2085"]
[PlyCount "103"]
[EventDate "2001.12.03"]

1.c4 c5 2.Nc3 Nc6 3.g3 g6 4.Bg2 Bg7 5.e3 d6 6.Nge2 Nf6 7.O-O O-O 8.a3 Rb8 
9.Rb1 a6 10.b4 cxb4 11.axb4 Ne5 12.d3 b5 13.f4 Ned7 14.cxb5 axb5 15.Nd4 
Bb7 16.Bxb7 Rxb7 17.Qf3 Qb6 18.Bd2 Rfb8 19.Nc6 Re8 20.g4 e6 21.g5 Nh5 22.
Ne4 Bf8 23.Bc3 d5 24.Na5 dxe4 25.dxe4 Rc7 26.Bd4 Qa6 27.f5 exf5 28.exf5 
Qa8 29.fxg6 Qxf3 30.gxh7+ Kxh7 31.Rxf3 Kg6 32.Rbf1 Bxb4 33.Nb3 Nc5 34.Nc1 
Ne4 35.Nd3 Bd6 36.Rf5 b4 37.Rd5 Re6 38.Rdf5 Nc3 39.Be5 Nd5 40.Bxd6 Rxd6 
41.Ne5+ Kg7 42.Nxf7 Rdd7 43.g6 Nxe3 44.Rxh5 Nxf1 45.Ne5 Re7 46.Kxf1 Kf6 
47.Nd3 b3 48.Ra5 Red7 49.Ra6+ Kg7 50.Ne5 Rd5 51.Rb6 Rxe5 52.Rxb3 0-1

[Event "XXII Memorial Edoardo Crespi Internazionale"]
[Site "Milano ITA"]
[Date "2001.12.09"]
[Round "9"]
[White "Belotti, Bruno"]
[Black "Paragua, Mark"]
[Result "1/2-1/2"]
[WhiteElo "2403"]
[BlackElo "2447"]
[PlyCount "74"]
[EventDate "2001.12.03"]

1.Nf3 Nf6 2.g3 g6 3.Bg2 Bg7 4.O-O O-O 5.c4 d6 6.Nc3 e5 7.d3 Nc6 8.Rb1 a5 
9.a3 h6 10.b4 axb4 11.axb4 Re8 12.Nd2 Nd7 13.b5 Nd4 14.e3 Ne6 15.Bb2 h5 
16.Qc2 h4 17.Ra1 Rxa1 18.Rxa1 hxg3 19.hxg3 Qg5 20.Ra8 Ndc5 21.Nde4 Nxe4 
22.Nxe4 Qh5 23.b6 f5 24.Nc3 f4 25.Qe2 Qxe2 26.Nxe2 fxe3 27.Bxb7 exf2+ 28.
Kf1 Nc5 29.Rxc8 Rxc8 30.Bxc8 cxb6 31.Ba3 Nxd3 32.Bxd6 Bh6 33.Bb7 Kh7 34.
Be4 Nb2 35.Bd5 Nd1 36.Bxe5 Ne3+ 37.Kxf2 Ng4+ 1/2-1/2

[Event "XXII Memorial Edoardo Crespi Internazionale"]
[Site "Milano ITA"]
[Date "2001.12.09"]
[Round "9"]
[White "Cavatorta, Fosco"]
[Black "Bianchi, Alberto"]
[Result "0-1"]
[WhiteElo "2011"]
[BlackElo "2037"]
[PlyCount "79"]
[EventDate "2001.12.03"]

1.Nf3 d5 2.d3 Nf6 3.Nbd2 e6 4.e4 dxe4 5.dxe4 Bc5 6.Bd3 Nc6 7.Nb3 Be7 8.c3 
e5 9.Bg5 Nd7 10.Be3 O-O 11.Qe2 a5 12.a4 Qe8 13.Bb5 Na7 14.Bxa7 c6 15.Bxc6 
bxc6 16.Qe3 Ba6 17.Bc5 Bc4 18.Bxe7 Qxe7 19.Nbd2 Ba6 20.c4 Rfb8 21.b3 Qc5 
22.Qxc5 Nxc5 23.Nxe5 Nxb3 24.Rb1 Nd4 25.O-O f6 26.Nd3 Ne2+ 27.Kh1 Rd8 28.
Rb3 Nf4 29.Nxf4 Rxd2 30.Rc3 Ra2 31.Ne6 Rxa4 32.Nc7 Ra7 33.Nxa6 Rxa6 34.f4 
Rb4 35.h4 a4 36.Ra1 Kf7 37.Kh2 Rab6 38.Rca3 Ra6 39.Rc3 c5 40.g3 0-1

[Event "XXII Memorial Edoardo Crespi Internazionale"]
[Site "Milano ITA"]
[Date "2001.12.09"]
[Round "9"]
[White "Cebalo, Miso"]
[Black "Maksimenko, Andrei"]
[Result "1/2-1/2"]
[WhiteElo "2492"]
[BlackElo "2495"]
[PlyCount "45"]
[EventDate "2001.12.03"]

1.d4 Nf6 2.c4 e6 3.Nf3 d5 4.Nc3 dxc4 5.e3 a6 6.Bxc4 c5 7.O-O b5 8.Bd3 Bb7 
9.dxc5 Bxc5 10.Qe2 Nbd7 11.e4 Qb8 12.Bg5 h6 13.Bxf6 Nxf6 14.e5 Nd7 15.Be4 
Bxe4 16.Nxe4 Be7 17.Rad1 Nxe5 18.Nxe5 Qxe5 19.f4 Qc7 20.f5 Rd8 21.fxe6 
Qb6+ 22.Kh1 O-O 23.exf7+ 1/2-1/2

[Event "XXII Memorial Edoardo Crespi Internazionale"]
[Site "Milano ITA"]
[Date "2001.12.09"]
[Round "9"]
[White "Dalimeg, Alfredo"]
[Black "Valenti, Giuseppe"]
[Result "0-1"]
[WhiteElo "2141"]
[BlackElo "2206"]
[PlyCount "98"]
[EventDate "2001.12.03"]

1.e4 c5 2.Nf3 Nc6 3.Nc3 a6 4.a4 e6 5.d4 cxd4 6.Nxd4 Qc7 7.g3 Nf6 8.Bg2 Be7
9.O-O O-O 10.Nb3 d6 11.Qe2 Ne5 12.a5 Bd7 13.Rd1 Nc4 14.h3 Rfc8 15.Kh2 Ne8 
16.f4 Bf6 17.Rd3 Rab8 18.Qh5 g6 19.Qg4 Bg7 20.h4 Nf6 21.Qe2 h5 22.Bh3 b5 
23.axb6 Qxb6 24.e5 dxe5 25.Be3 Nxe3 26.Rxe3 exf4 27.gxf4 Qd6 28.Rf1 Rb4 
29.Rd3 Qc7 30.Qd2 Bh6 31.Rd4 a5 32.Rf2 Be8 33.Kg1 Bg7 34.Rd3 Qb6 35.Rd6 
Qa7 36.Rxe6 Rcc4 37.Qe3 Qxe3 38.Rxe3 a4 39.Nd2 Rxf4 40.Rxf4 Rxf4 41.Nd5 
Nxd5 42.Rxe8+ Kh7 43.c4 Bd4+ 44.Kg2 Rf2+ 45.Kg3 Rxd2 46.cxd5 Bxb2 47.Ra8 
a3 48.Ra5 a2 49.Kf4 a1=Q 0-1

[Event "XXII Memorial Edoardo Crespi Internazionale"]
[Site "Milano ITA"]
[Date "2001.12.09"]
[Round "9"]
[White "De Santis, Alessio"]
[Black "Cazzaniga, Walter"]
[Result "1-0"]
[WhiteElo "2345"]
[BlackElo "2131"]
[PlyCount "77"]
[EventDate "2001.12.03"]

1.d4 Nf6 2.c4 g6 3.Nc3 Bg7 4.e4 d6 5.f3 O-O 6.Be3 Nc6 7.Nge2 a6 8.Qd2 Rb8 
9.Rb1 b5 10.cxb5 axb5 11.b4 Bd7 12.d5 Ne5 13.Nd4 e6 14.dxe6 fxe6 15.Be2 
Nc4 16.Bxc4 bxc4 17.O-O e5 18.Nde2 Be6 19.Rfd1 Rf7 20.a4 Rd7 21.b5 d5 22.
exd5 Bf5 23.Rbc1 Bd3 24.Qa2 h6 25.a5 Kh7 26.a6 Rxd5 27.a7 Ra8 28.Nxd5 Nxd5
29.Bc5 Qe8 30.Rxd3 cxd3 31.Qxd5 dxe2 32.Kf2 Rd8 33.Qe4 Bf6 34.b6 cxb6 35.
Bxb6 Rd1 36.Rc7+ Bg7 37.Qxe2 Rb1 38.a8=Q Qxa8 39.Qxe5 1-0

[Event "XXII Memorial Edoardo Crespi Internazionale"]
[Site "Milano ITA"]
[Date "2001.12.09"]
[Round "9"]
[White "Isonzo, David"]
[Black "Lapiccirella, Mattia"]
[Result "1/2-1/2"]
[WhiteElo "2343"]
[BlackElo "2164"]
[PlyCount "59"]
[EventDate "2001.12.03"]

1.e4 c5 2.Nf3 Nc6 3.d4 cxd4 4.Nxd4 Nf6 5.Nc3 d6 6.Bc4 Qb6 7.Be3 Qxb2 8.
Ndb5 Qb4 9.Bd5 Qa5 10.Rb1 e6 11.Bd2 Qd8 12.Bg5 Be7 13.Bxf6 gxf6 14.Bxc6+ 
bxc6 15.Nd4 Bd7 16.O-O c5 17.Nde2 Bc6 18.Nf4 Qa5 19.Qd3 O-O 20.Rfe1 Rab8 
21.Rbd1 Rb4 22.Nfd5 Bxd5 23.exd5 Rd4 24.Qg3+ Kh8 25.Qf3 Rxd1 26.Rxd1 f5 
27.Rd3 Qb4 28.h3 Bf6 29.Kh2 Be5+ 30.g3 1/2-1/2

[Event "XXII Memorial Edoardo Crespi Internazionale"]
[Site "Milano ITA"]
[Date "2001.12.09"]
[Round "9"]
[White "Iudicello, Giovanni"]
[Black "Barlocco, Carlo"]
[Result "0-1"]
[WhiteElo "2160"]
[BlackElo "2139"]
[PlyCount "69"]
[EventDate "2001.12.03"]

1.e4 c5 2.Nf3 e6 3.d4 cxd4 4.Nxd4 Nf6 5.Nc3 Qb6 6.Nb3 Bb4 7.Bd3 Bxc3+ 8.
bxc3 O-O 9.e5 Nd5 10.O-O f5 11.Ba3 Rf7 12.c4 Ne7 13.Bc5 Qd8 14.f4 Nbc6 15.
Qe2 b6 16.Bd6 Bb7 17.c5 Nc8 18.Ba6 Nxd6 19.cxd6 Qc8 20.Bxb7 Qxb7 21.c4 Rc8
22.Rfc1 Nb4 23.c5 Rff8 24.Qb5 Nd5 25.g3 Ne3 26.Qe2 Nd5 27.Rab1 Qc6 28.Nd4 
Qa4 29.Rc4 Qa6 30.Rbc1 bxc5 31.Rxc5 Qxe2 32.Nxe2 Rxc5 33.Rxc5 Rb8 34.Nc3 
Nb6 35.Ra5 0-1

[Event "XXII Memorial Edoardo Crespi Internazionale"]
[Site "Milano ITA"]
[Date "2001.12.09"]
[Round "9"]
[White "Lamberger, Werner"]
[Black "Pienabarca, Nicola"]
[Result "0-1"]
[WhiteElo "2050"]
[BlackElo "2044"]
[PlyCount "104"]
[EventDate "2001.12.03"]

1.c4 c5 2.g3 g6 3.Bg2 Bg7 4.Nc3 Nc6 5.a3 e5 6.b4 cxb4 7.axb4 Nxb4 8.Ba3 
Nc6 9.Nb5 Bf8 10.Bxf8 Kxf8 11.Nd6 Qf6 12.c5 Nge7 13.Nf3 Nf5 14.Ne4 Qe7 15.
Qb3 d6 16.cxd6 Nxd6 17.Nxd6 Qxd6 18.O-O Kg7 19.e3 Rd8 20.Ra4 Qd3 21.Qb2 
Kg8 22.Nxe5 Nxe5 23.Qxe5 Qxd2 24.Rd4 Rxd4 25.Qe8+ Kg7 26.Qe5+ Kh6 27.exd4 
Bf5 28.Bxb7 Rd8 29.Qe3+ Qxe3 30.fxe3 Re8 31.Kf2 Rb8 32.Bc6 Rb2+ 33.Kf3 
Rxh2 34.e4 Rc2 35.Bd5 Be6 36.Bxe6 fxe6 37.Kf4 Rd2 38.Ke5 Kg5 39.Ra1 h5 40.
Rxa7 Rd3 41.Rf7 Kg4 42.Rf6 g5 43.Rxe6 Kxg3 44.Rg6 g4 45.d5 h4 46.Kf5 Rf3+ 
47.Ke6 h3 48.d6 h2 49.d7 Rd3 50.Rh6 Kg2 51.Kf5 g3 52.Kf4 Rxd7 0-1

[Event "XXII Memorial Edoardo Crespi Internazionale"]
[Site "Milano ITA"]
[Date "2001.12.09"]
[Round "9"]
[White "Qendro, Llambi"]
[Black "Zoldan, Matteo"]
[Result "1/2-1/2"]
[WhiteElo "2333"]
[BlackElo "2095"]
[PlyCount "189"]
[EventDate "2001.12.03"]

1.d4 Nf6 2.c4 g6 3.g3 Bg7 4.Bg2 O-O 5.Nf3 d6 6.O-O Nbd7 7.Nc3 e5 8.e4 c6 
9.h3 Qb6 10.b3 exd4 11.Na4 Qa5 12.Nxd4 Nb6 13.Nxb6 axb6 14.Bd2 Qh5 15.Qxh5
Nxh5 16.Bc3 Re8 17.Rfe1 Bd7 18.a4 c5 19.Ne2 Bc6 20.Bxg7 Nxg7 21.Nf4 Ne6 
22.Nxe6 Rxe6 23.Rad1 Rae8 24.Re3 f5 25.exf5 Rxe3 26.fxe3 Rxe3 27.Bxc6 bxc6
28.Kf2 Rxb3 29.fxg6 hxg6 30.Rxd6 Kg7 31.a5 bxa5 32.Rxc6 a4 33.Rxc5 a3 34.
Ra5 Rc3 35.c5 Kf6 36.c6 Rxc6 37.Rxa3 Rc4 38.Kf3 Kf5 39.h4 Rc5 40.g4+ Kf6 
41.Ra6+ Kg7 42.Ra7+ Kf6 43.g5+ Ke6 44.Ra6+ Kf7 45.Rf6+ Kg7 46.Re6 Kf7 47.
Re4 Rc1 48.Kf4 Rc5 49.Ra4 Rf5+ 50.Ke4 Rc5 51.Ra7+ Ke6 52.Ra6+ Kf7 53.Rf6+ 
Kg7 54.Kd4 Ra5 55.Rc6 Kf7 56.Rf6+ Kg7 57.Rf4 Rb5 58.Kd3 Ra5 59.Rc4 Kf7 60.
Ke4 Rb5 61.Rc7+ Ke6 62.Rc6+ Kf7 63.Rf6+ Kg7 64.Rd6 Kf7 65.Rd5 Rb1 66.Ra5 
Re1+ 67.Kd5 Rd1+ 68.Ke5 Re1+ 69.Kd6 Rd1+ 70.Rd5 Ra1 71.Rd4 Rf1 72.Rc4 Rd1+
73.Ke5 Re1+ 74.Re4 Ra1 75.Rf4+ Ke7 76.Rf6 Ra5+ 77.Kf4 Ra4+ 78.Kg3 Ra3+ 79.
Rf3 Ra4 80.Rf4 Ra3+ 81.Kg4 Ra1 82.Rf6 Ra4+ 83.Kg3 Ra3+ 84.Kg2 Ra2+ 85.Kg3 
Ra3+ 86.Rf3 Ra5 87.Kh3 Ra1 88.Kg2 Ra4 89.Kg3 Ra5 90.Rf4 Ra3+ 91.Kg4 Ra1 
92.Rb4 Rg1+ 93.Kf4 Rf1+ 94.Ke5 Re1+ 95.Re4 1/2-1/2

[Event "XXII Memorial Edoardo Crespi Internazionale"]
[Site "Milano ITA"]
[Date "2001.12.09"]
[Round "9"]
[White "Rettore, Ludwig"]
[Black "Lanzani, Mario"]
[Result "1/2-1/2"]
[WhiteElo "2141"]
[BlackElo "2378"]
[PlyCount "52"]
[EventDate "2001.12.03"]

1.e4 e5 2.Nf3 Nc6 3.Bc4 Nf6 4.d4 exd4 5.O-O Bc5 6.e5 d5 7.exf6 dxc4 8.Re1+
Be6 9.Ng5 Qd5 10.Nc3 Qf5 11.Nce4 O-O-O 12.g4 Qe5 13.Nxe6 fxe6 14.fxg7 Rhg8
15.Bh6 d3 16.c3 d2 17.Re2 Qd5 18.Nxc5 Qxc5 19.Rxd2 Rxd2 20.Qxd2 Ne5 21.Qf4
Qd5 22.Qf8+ Kd7 23.Qxg8 Nf3+ 24.Kg2 Ne5+ 25.Kg1 Nf3+ 26.Kg2 Ne5+ 1/2-1/2

[Event "XXII Memorial Edoardo Crespi Internazionale"]
[Site "Milano ITA"]
[Date "2001.12.09"]
[Round "9"]
[White "Tramalloni, Luca"]
[Black "Scalcione, Michelangelo"]
[Result "0-1"]
[WhiteElo "2101"]
[BlackElo "2292"]
[PlyCount "114"]
[EventDate "2001.12.03"]

1.d4 Nf6 2.c4 g6 3.Nc3 Bg7 4.e4 d6 5.Be2 O-O 6.Bg5 a6 7.Qd2 Nbd7 8.Nf3 Rb8
9.a4 e5 10.O-O Qe8 11.d5 Nc5 12.Qc2 a5 13.Ne1 Nfd7 14.Bd2 c6 15.Nd3 Nxd3 
16.Bxd3 Nc5 17.Be2 f5 18.f3 f4 19.Rfb1 g5 20.Nd1 Ra8 21.b4 axb4 22.Bxb4 
Qg6 23.Nf2 Na6 24.Be1 c5 25.Ra3 h5 26.h3 Nc7 27.Rb6 Ne8 28.Kf1 Bf6 29.Qd1 
Bd8 30.Rbb3 Nf6 31.Qb1 Rf7 32.Bd2 Rg7 33.Ke1 g4 34.fxg4 hxg4 35.hxg4 Ra7 
36.Bf3 Nxg4 37.Qd3 Bh4 38.Bxg4 Bxg4 39.Kf1 Bxf2 40.Kxf2 Bd1 41.Qh3 Bg4 42.
Qd3 f3 43.gxf3 Bh3 44.Rb1 Qg2+ 45.Ke3 Qh2 46.Qe2 Rg2 47.Qe1 Bg4 48.Ra2 
Bxf3 49.Kd3 Be2+ 50.Kc3 Qh3+ 51.Kb2 Bxc4 52.Ra3 Qh2 53.Ka1 b5 54.Qe3 Rxd2 
55.Rg1+ Rg2 56.Rxg2+ Qxg2 57.Qh6 Rf7 0-1

[Event "C.to Mondiale femminile"]
[Site "Mosca RUS"]
[Date "2001.11.28"]
[Round "1.2"]
[White "Alexandrova, Olga"]
[Black "Sedina, Elena"]
[Result "0-1"]
[WhiteElo "2387"]
[BlackElo "2398"]
[PlyCount "126"]
[EventDate "2001.11.27"]

1. d4 Nf6 2. c4 c6 3. Nc3 d5 4. e3 a6 5. Qc2 g6 6. Bd3 Bg7 7. b3 O-O 8. Bb2 c5
9. dxc5 Qa5 10. a3 dxc4 11. Bxc4 Qxc5 12. Nf3 Nbd7 13. Na4 Qa5+ 14. b4 Qd8 15.
Be2 b5 16. Nc5 Nxc5 17. bxc5 Bb7 18. O-O Rc8 19. Rfc1 Be4 20. Qc3 Qd5 21. Qb4
Qa8 22. Bd4 Nd5 23. Qb2 Bxd4 24. Qxd4 Nf6 25. a4 Rfd8 26. Qb4 a5 27. Qxb5 Rd5
28. Rc3 Qa7 29. Rac1 Nd7 30. c6 Rxb5 31. cxd7 Rd8 32. Bxb5 Rxd7 33. Bxd7 Qxd7
34. Rc4 Bxf3 35. gxf3 Qd5 36. Kg2 Qg5+ 37. Kf1 Qh5 38. Ke2 Qxh2 39. Rc5 Qd6 40.
Rxa5 Qa3 41. Rc8+ Kg7 42. Raa8 Qa2+ 43. Kf1 Qd5 44. Kg2 Qg5+ 45. Kf1 h5 46. a5
Qb5+ 47. Kg2 Qg5+ 48. Kf1 Qb5+ 49. Ke1 Qb4+ 50. Ke2 Qb5+ 51. Kd2 Qb2+ 52. Kd3
Qb3+ 53. Kd4 Qb4+ 54. Rc4 e5+ 55. Kd3 Qb3+ 56. Rc3 Qd5+ 57. Ke2 Qxa8 58. Ra3
Qa6+ 59. Kd2 h4 60. Kc3 h3 61. Ra1 Qc6+ 62. Kb4 Qxf3 63. a6 h2 0-1

[Event "LXI C.to Italiano"]
[Site "Montecatini Terme ITA"]
[Date "2001.11.21"]
[Round "1"]
[White "Costantini, Roberto"]
[Black "Arlandi, Ennio"]
[Result "0-1"]
[WhiteElo "2314"]
[BlackElo "2453"]
[PlyCount "76"]
[EventDate "2001.11.21"]

1. e4 c5 2. Nf3 e6 3. d4 cxd4 4. Nxd4 Nf6 5. Nc3 d6 6. Be3 a6 7. f3 b5 8. g4 h6
9. Qd2 Bb7 10. O-O-O Nbd7 11. h4 b4 12. Na4 Qa5 13. b3 Be7 14. Kb1 Nc5 15. a3
Nxa4 16. axb4 Qc7 17. bxa4 d5 18. e5 Nd7 19. f4 Nb6 20. Rh3 Nxa4 21. Bf2 Rc8
22. Be1 Nb6 23. f5 Qd7 24. Rf3 Nc4 25. Bxc4 dxc4 26. fxe6 fxe6 27. Nf5 Qxd2 28.
Nxg7+ Kd7 29. Rxd2+ Bd5 30. Ra3 Rhg8 31. Nf5 Rxg4 32. Nxe7 Kxe7 33. Rxa6 c3 34.
Rd3 Rg1 35. Ra7+ Ke8 36. Re3 Rc4 37. Kc1 Re4 38. Rxe4 Bxe4 0-1

[Event "LXI C.to Italiano"]
[Site "Montecatini Terme ITA"]
[Date "2001.11.21"]
[Round "1"]
[White "Lanzani, Mario"]
[Black "Sarno, Spartaco"]
[Result "1/2-1/2"]
[WhiteElo "2378"]
[BlackElo "2407"]
[PlyCount "87"]
[EventDate "2001.11.21"]

1. e4 d6 2. d4 Nf6 3. Nc3 g6 4. Nf3 Bg7 5. Be2 O-O 6. O-O c6 7. Re1 Nbd7 8. e5
Ne8 9. Bf4 dxe5 10. dxe5 Nc7 11. Qc1 Ne6 12. Bh6 Qc7 13. Bc4 Nxe5 14. Nxe5 Bxe5
15. Bxf8 Bxh2+ 16. Kh1 Bf4 17. Qd1 Nxf8 18. Qe2 Be6 19. Rad1 Rd8 20. g3 Rxd1
21. Nxd1 Bh6 22. Ne3 Bxe3 23. Bxe6 Bb6 24. Bb3 e6 25. Kg2 Qe7 26. c3 Nd7 27.
Bc2 Nf6 28. Be4 Qc5 29. Bf3 h5 30. Qe3 Qxe3 31. fxe3 Kf8 32. b4 e5 33. e4 Ne8
34. Bd1 Nd6 35. Bb3 Ke7 36. a4 a5 37. Bc2 c5 38. bxc5 Bxc5 39. Bb3 b6 40. Bd5
Ne8 41. Rf1 Nd6 42. Kf3 Kf6 43. Kg2+ Kg5 44. Re1 1/2-1/2

[Event "LXI C.to Italiano"]
[Site "Montecatini Terme ITA"]
[Date "2001.11.21"]
[Round "1"]
[White "Scafarelli, Francesco"]
[Black "Vismara, Daniele"]
[Result "1/2-1/2"]
[WhiteElo "2304"]
[BlackElo "2365"]
[PlyCount "53"]
[EventDate "2001.11.21"]

1. d4 d5 2. c4 c6 3. Nf3 e6 4. e3 Nd7 5. Nc3 Ngf6 6. Qc2 Bd6 7. Bd3 O-O 8. O-O
dxc4 9. Bxc4 a6 10. a4 c5 11. Ne4 Nxe4 12. Qxe4 Qc7 13. b3 e5 14. Bb2 cxd4 15.
exd4 Nf6 16. Qh4 e4 17. Ne5 Qe7 18. Rfe1 Be6 19. d5 Bf5 20. Nf3 Rfe8 21. Nd4
Bd7 22. Rad1 Qf8 23. Nc2 Be5 24. Ba3 Bd6 25. Bb2 Be5 26. Ba3 Bd6 27. Bb2
1/2-1/2

[Event "LXI C.to Italiano"]
[Site "Montecatini Terme ITA"]
[Date "2001.11.21"]
[Round "1"]
[White "Vezzosi, Paolo"]
[Black "Tatai, Stefano"]
[Result "1/2-1/2"]
[WhiteElo "2401"]
[BlackElo "2352"]
[PlyCount "39"]
[EventDate "2001.11.21"]

1. c4 c5 2. g3 g6 3. Bg2 Bg7 4. Nc3 Nc6 5. e3 b6 6. Nge2 Bb7 7. O-O Na5 8. Bxb7
Nxb7 9. Nf4 Na5 10. b3 Nc6 11. Bb2 h5 12. d4 cxd4 13. Nb5 Nh6 14. Nxd4 O-O 15.
Nxc6 dxc6 16. Bxg7 Kxg7 17. Qc2 e5 18. Qc3 Qf6 19. Nd3 Rfe8 20. Rad1 1/2-1/2

[Event "LXI C.to Italiano"]
[Site "Montecatini Terme ITA"]
[Date "2001.11.22"]
[Round "2"]
[White "Bellia, Fabrizio"]
[Black "Vezzosi, Paolo"]
[Result "1-0"]
[WhiteElo "2413"]
[BlackElo "2401"]
[PlyCount "79"]
[EventDate "2001.11.21"]

1. e4 e6 2. d4 d5 3. Nd2 Nf6 4. e5 Nfd7 5. Bd3 c5 6. c3 Nc6 7. Ne2 cxd4 8. cxd4
f6 9. exf6 Qxf6 10. Nf3 h6 11. O-O Bd6 12. Ng3 O-O 13. Bc2 Rd8 14. Re1 Nf8 15.
Ne5 Bd7 16. f4 Be8 17. Be3 Qh4 18. Rf1 Rac8 19. a3 Rc7 20. b4 Rdc8 21. Bb1 g6
22. Ne2 Ne7 23. Bd3 h5 24. Bf2 Qf6 25. h3 Nc6 26. Qd2 a6 27. g4 Na7 28. a4 Rg7
29. Nf3 Qd8 30. Bh4 Qb6 31. Rfb1 Nd7 32. Qe3 Bf8 33. Kh1 Qd6 34. b5 a5 35. gxh5
gxh5 36. Rg1 Rc7 37. f5 Bf7 38. f6 Rxg1+ 39. Rxg1+ Kh8 40. Bg3 1-0

[Event "LXI C.to Italiano"]
[Site "Montecatini Terme ITA"]
[Date "2001.11.22"]
[Round "2"]
[White "Sarno, Spartaco"]
[Black "Costantini, Roberto"]
[Result "1-0"]
[WhiteElo "2407"]
[BlackElo "2314"]
[PlyCount "123"]
[EventDate "2001.11.21"]

1. c4 c5 2. Nc3 Nc6 3. Nf3 e5 4. g3 g6 5. Bg2 Bg7 6. O-O Nge7 7. Ne1 d6 8. Nc2
a6 9. Rb1 Be6 10. d3 d5 11. cxd5 Nxd5 12. Ne3 Nde7 13. Ne4 b6 14. a3 a5 15. Qa4
Rc8 16. b4 axb4 17. axb4 cxb4 18. Bd2 O-O 19. Bxb4 Nxb4 20. Qxb4 Nc6 21. Qxb6
Nd4 22. Rfe1 h6 23. Nd6 Qxb6 24. Rxb6 Rb8 25. Nec4 Rxb6 26. Nxb6 Rb8 27. Ndc4
Bf8 28. e3 Nc2 29. Rd1 Bc5 30. Na4 Bb4 31. Rc1 Bxc4 32. dxc4 Ne1 33. Bd5 Nd3
34. Rb1 Bd6 35. Rxb8+ Bxb8 36. Be4 Nb4 37. g4 Kf8 38. Kf1 Ke7 39. Ke2 Ba7 40.
Bb7 Kd6 41. Kd2 Kc7 42. Be4 Kd7 43. c5 Na6 44. c6+ Kd6 45. Nc3 Nc7 46. Kd3 Ke6
47. Bd5+ Ke7 48. Ke4 f6 49. h4 Bc5 50. h5 gxh5 51. gxh5 Bb4 52. Nd1 Be1 53. Bb3
Kf8 54. Kf5 Kg7 55. f3 Bd2 56. Bc4 Bc1 57. Ba2 Bd2 58. Bb3 Bc1 59. Bc4 Bd2 60.
e4 Kf8 61. Kxf6 Bf4 62. Nc3 1-0

[Event "LXI C.to Italiano"]
[Site "Montecatini Terme ITA"]
[Date "2001.11.22"]
[Round "2"]
[White "Tatai, Stefano"]
[Black "Lanzani, Mario"]
[Result "0-1"]
[WhiteElo "2352"]
[BlackElo "2378"]
[PlyCount "88"]
[EventDate "2001.11.21"]

1. e4 c5 2. Nf3 d6 3. d4 cxd4 4. Nxd4 Nf6 5. Nc3 a6 6. a4 g6 7. Be2 Bg7 8. O-O
O-O 9. Kh1 b6 10. f4 Bb7 11. Bf3 Nbd7 12. Nb3 Rc8 13. Qd3 Qc7 14. Be3 Rfe8 15.
Rad1 e5 16. Qxd6 Qxd6 17. Rxd6 Bf8 18. Rdd1 exf4 19. Bxf4 Ne5 20. Bg5 Nfg4 21.
h3 h6 22. Bf4 Nf6 23. Nd4 Nc4 24. Bc1 Nxe4 25. Nxe4 Bxe4 26. b3 Nd6 27. c4 Bxf3
28. Rxf3 Ne4 29. Kg1 Rcd8 30. Kf1 Bg7 31. Be3 Nc5 32. b4 Ne6 33. Nxe6 Rxd1+ 34.
Ke2 Rd7 35. Nxg7 Kxg7 36. Kf2 Re4 37. Bxb6 Rd2+ 38. Kg1 Rxc4 39. Rb3 Rcc2 40.
Rg3 f5 41. Be3 Rd1+ 42. Kh2 Rc4 43. Bc5 a5 44. Rb3 Kf7 0-1

[Event "LXI C.to Italiano"]
[Site "Montecatini Terme ITA"]
[Date "2001.11.23"]
[Round "3"]
[White "Arlandi, Ennio"]
[Black "Sarno, Spartaco"]
[Result "1-0"]
[WhiteElo "2453"]
[BlackElo "2407"]
[PlyCount "136"]
[EventDate "2001.11.21"]

1. d4 d5 2. c4 c6 3. Nf3 Nf6 4. e3 g6 5. Nc3 Bg7 6. Be2 O-O 7. O-O Bg4 8. cxd5
Nxd5 9. h3 Bxf3 10. Bxf3 e6 11. Qe2 Nd7 12. Rd1 Re8 13. g3 Qe7 14. Bd2 Rad8 15.
Rac1 N5b6 16. Be1 e5 17. dxe5 Nxe5 18. Bg2 Rxd1 19. Rxd1 Rd8 20. b3 Rxd1 21.
Qxd1 f5 22. e4 fxe4 23. Bxe4 Nf7 24. Bg2 Nd6 25. Bd2 Nf5 26. Qe2 Qxe2 27. Nxe2
Kf7 28. f4 Ke6 29. Kf2 Nd5 30. g4 Nd6 31. h4 c5 32. Ng3 Bd4+ 33. Kf3 b5 34. h5
c4 35. bxc4 Nxc4 36. Bc1 Nc3 37. f5+ gxf5 38. Nxf5 Ne5+ 39. Kg3 Bc5 40. Bd2
Nxa2 41. Ng7+ Kf6 42. h6 Ng6 43. Bd5 Bd6+ 44. Kf2 Bb4 45. Be3 Nc3 46. Bd4+ Kg5
47. Bf7 Nf8 48. Kf3 Nb1 49. Be3+ Kf6 50. Be8 a6 51. g5+ Ke7 52. Bd4 Nd2+ 53.
Kf4 Nc4 54. Bf6+ Kd6 55. Nf5+ Kc7 56. Ke4 Nd6+ 57. Nxd6 Kxd6 58. Kf5 Bd2 59.
Bf7 b4 60. Be5+ Ke7 61. Bc4 a5 62. Bb3 Nd7 63. Bd4 Bc3 64. Be3 Kd6 65. Bf4+ Ke7
66. Bc2 Nc5 67. Be3 Kd6 68. Kg4 Nd7 1-0

[Event "LXI C.to Italiano"]
[Site "Montecatini Terme ITA"]
[Date "2001.11.23"]
[Round "3"]
[White "Costantini, Roberto"]
[Black "Tatai, Stefano"]
[Result "1-0"]
[WhiteElo "2314"]
[BlackElo "2352"]
[PlyCount "79"]
[EventDate "2001.11.21"]

1. e4 c5 2. Nf3 d6 3. d4 Nf6 4. Nc3 cxd4 5. Nxd4 a6 6. Be3 e5 7. Nb3 Be6 8. f3
Nbd7 9. g4 h6 10. Qd2 Qc7 11. O-O-O b5 12. Kb1 Rb8 13. h4 Nb6 14. Bxb6 Qxb6 15.
Nd5 Nxd5 16. exd5 Bd7 17. Bd3 g6 18. Qe2 h5 19. Rdg1 hxg4 20. fxg4 Rxh4 21. Qf3
f5 22. gxf5 gxf5 23. Bxf5 Rf4 24. Qh5+ Kd8 25. Bxd7 Kxd7 26. Rf1 Rxf1+ 27. Rxf1
Re8 28. c4 Kd8 29. Rc1 e4 30. Qh4+ Re7 31. c5 dxc5 32. Nxc5 e3 33. Ne6+ Ke8 34.
Qh5+ Rf7 35. Rc8+ Ke7 36. Rc7+ Qxc7 37. Nxc7 Bg7 38. d6+ Kf8 39. Ne6+ Kg8 40.
Nxg7 1-0

[Event "LXI C.to Italiano"]
[Site "Montecatini Terme ITA"]
[Date "2001.11.23"]
[Round "3"]
[White "Lanzani, Mario"]
[Black "Bellia, Fabrizio"]
[Result "1/2-1/2"]
[WhiteElo "2378"]
[BlackElo "2413"]
[PlyCount "31"]
[EventDate "2001.11.21"]

1. e4 c6 2. d4 d5 3. Nd2 dxe4 4. Nxe4 Nf6 5. Nxf6+ exf6 6. Nf3 Bd6 7. Be2 O-O
8. O-O Re8 9. h3 Nd7 10. Be3 Nf8 11. Qd2 Ng6 12. Rfe1 f5 13. Qd3 f4 14. Bd2 Qf6
15. Bc3 Bf5 16. Qd2 1/2-1/2

[Event "LXI C.to Italiano"]
[Site "Montecatini Terme ITA"]
[Date "2001.11.23"]
[Round "3"]
[White "Vezzosi, Paolo"]
[Black "Vismara, Daniele"]
[Result "1-0"]
[WhiteElo "2401"]
[BlackElo "2365"]
[PlyCount "179"]
[EventDate "2001.11.21"]

1. c4 Nf6 2. Nf3 c6 3. b3 d5 4. Bb2 Bg4 5. d3 Bxf3 6. exf3 dxc4 7. bxc4 c5 8.
Be2 Nc6 9. O-O e6 10. f4 Be7 11. Bf3 Qd7 12. Qa4 O-O 13. Bxc6 Qxc6 14. Qxc6
bxc6 15. Nc3 Rfd8 16. Rfd1 Rd7 17. Kf1 Rad8 18. Ke2 Ne8 19. Na4 Nc7 20. Rab1
Na6 21. a3 Rb7 22. Be5 Rdd7 23. g3 f6 24. Bc3 Kf7 25. Bd2 Ke8 26. Be3 Kd8 27.
g4 Kc8 28. f5 exf5 29. gxf5 Rxb1 30. Rxb1 Rb7 31. Rxb7 Kxb7 32. Kf3 Kc7 33. h4
Kd7 34. h5 Bf8 35. Nc3 Ke8 36. Bf4 Kf7 37. Ke4 Ke8 38. Kf3 Kd7 39. Ne4 Be7 40.
h6 gxh6 41. Kg4 Ke8 42. Kh5 Kf7 43. Kxh6 Kg8 44. Nd6 Bxd6 45. Bxd6 Kh8 46. f3
Kg8 47. f4 Kh8 48. Be7 Kg8 49. Bxf6 Nb8 50. Bh4 Nd7 51. Bf2 a6 52. Be3 Kh8 53.
Bd2 Kg8 54. Bc3 Nf8 55. a4 Nd7 56. a5 Nf8 57. Bg7 Nd7 58. f6 Nb8 59. f7+ Kxf7
60. Kxh7 Nd7 61. f5 Nb8 62. Kh6 Nd7 63. Bb2 Nf6 64. Kg5 Nd7 65. Kf4 Ke7 66. Be5
Kf7 67. Bd6 Kf6 68. Kg4 Kg7 69. Kg5 Kf7 70. Bc7 Nf8 71. Be5 Nh7+ 72. Kf4 Nf8
73. Bb2 Nd7 74. Bc3 Ke7 75. Kg5 Nf8 76. f6+ Ke6 77. Bb2 Kd7 78. Kh6 Ke8 79. Kg7
Ne6+ 80. Kg8 Ng5 81. Bc1 Nf7 82. Bf4 Nd8 83. Bd6 Nf7 84. Bxc5 Ng5 85. Be3 Nf7
86. Bf4 Nd8 87. d4 Nf7 88. d5 cxd5 89. cxd5 Nd8 90. d6 1-0